| 000 | 00000nam 2200000zi 4500 |
| 001 | 9.860463 |
| 003 | CaOODSP |
| 005 | 20221107160510 |
| 006 | m o d f |
| 007 | cr cn||||||||| |
| 008 | 180813s2018 onca ob f100 0 fre d |
| 020 | |a9780660275611 |
| 040 | |aCaOODSP|bfre|erda|cCaOODSP |
| 043 | |an-cn--- |
| 086 | 1 |aM134-52/2018F-PDF |
| 111 | 2 |aConférence des ministres de l'énergie et des mines |d(2018 : |cIqaluit, Nunavut) |
| 245 | 10|aIntégration des énergies renouvelables dans les collectivités éloignées : |brésumé des considérations relatives à la fiabilité électrique. |
| 264 | 1|a[Ottawa] : |b[Ressources naturelles Canada], |c2018. |
| 300 | |a1 ressource en ligne (23 pages) : |billustrations en couleur |
| 336 | |atexte|btxt|2rdacontent/fre |
| 337 | |ainformatique|bc|2rdamedia/fre |
| 338 | |aressource en ligne|bcr|2rdacarrier/fre |
| 500 | |aPublié aussi en anglais sous le titre : Towards renewable energy integration in remote communities: a summary of electric reliability considerations. |
| 504 | |aComprend des références bibliographiques. |
| 520 | |a« Le Canada compte environ 280 collectivités et sites commerciaux dans des régions éloignées et nordiques, qui ne sont pas raccordés au réseau électrique nord-américain et dont la majorité dépend du carburant diésel comme source d'énergie principale. Le présent document donne un aperçu des considérations liées à la fiabilité de l'électricité que les services publics locaux et les collectivités hors réseau qu'ils desservent doivent prendre en compte lorsqu'ils cherchent à réduire la consommation de diésel par l'intégration de sources d'énergie renouvelable » -- Introduction, page 2. |
| 692 | 07|2gccst|aÉnergie renouvelable |
| 692 | 07|2gccst|aCommunauté isolée |
| 710 | 1 |aCanada. |bRessources naturelles Canada. |
| 775 | 08|tTowards renewable energy integration in remote communities : |w(CaOODSP)9.860462 |
| 856 | 40|qPDF|s1.34 Mo|uhttps://publications.gc.ca/collections/collection_2019/rncan-nrcan/M134-52-2018-fra.pdf |